LDR 00917naa#a2200181#i#450# 001 RU\\bibl\120554 005 20260417233547.5 011 ## _a2073-5537 100 ## _a20260416b2026####ek#y0rusy0150####ca 102 ## _aRU 200 1# _aРазвитие системы управления рисками при реализации региональных промышленных стратегий _eЖурнальная статья 210 1# _aАстрахань _cАстраханский государственный технический университет _d2026 215 ## _a10 с. 608 ## _aЖурнальная статья _2local 675 ## _aЭкономика промышленности и ремесленного производства. 338.45 _z 700 #1 _aВеселовский _gМихаил Яковлевич 700 #1 _aКоршунов _gПавел Алексеевич 856 4# _avestnik.astu.org _u